Strukturnyje metody razrabotki sistem Ot strategičeskogo planirovanija do testirovanija

Guardado en:
Detalles Bibliográficos
Autor principal: Collins, Garfield
Otros Autores: Blay, Gillian
Formato: Libro
Lenguaje:ruso
Publicado: Moskva Finansy i statistika 1986
Edición:1. izd.
Etiquetas: Agregar Etiqueta
Sin Etiquetas, Sea el primero en etiquetar este registro!

MARC

LEADER 00000nam a2200000 4500
001 c032135
005 20240911102208.1
041 0 |a rus 
044 |a RU 
245 1 0 |a Strukturnyje metody razrabotki sistem  |b Ot strategičeskogo planirovanija do testirovanija  |c Garfield Collins, Gillian Blay ; [Z angl. prel.] A.A. Aleksandrov, V.G. Gukičev 
250 |a 1. izd. 
264 1 |a Moskva  |b Finansy i statistika  |c 1986 
300 |a 263 s. 
100 1 |a Collins, Garfield 
700 1 |a Blay, Gillian